Factors affecting english language achievement in tamil schools /
Saved in:
| Main Author: | |
|---|---|
| Format: | Thesis Book |
| Language: | English |
| Published: |
2011.
|
| Subjects: | |
| Tags: |
Add Tag
No Tags, Be the first to tag this record!
|
| LEADER | 01058ctm a2200265 i 4500 | ||
|---|---|---|---|
| 001 | u1080821 | ||
| 003 | SIRSI | ||
| 005 | 201804121332 | ||
| 008 | 180412s2011 my a m 000 0 eng | ||
| 040 | |a UMD |e rda | ||
| 090 | |a LB7 |b A4 UM 2011 Ber | ||
| 100 | 0 | |a Bernadette Savitha Sevajee, |e author. | |
| 245 | 1 | 0 | |a Factors affecting english language achievement in tamil schools / |c Bernadette Savitha Sevajee. |
| 264 | 1 | |c 2011. | |
| 264 | 4 | |c 2011. | |
| 300 | |a viii, 87 leaves : |b illustrations, ; |c 30 cm. | ||
| 336 | |a text |2 rdacontent | ||
| 337 | |a unmediated |2 rdamedia | ||
| 338 | |a volume |2 rdacarrier | ||
| 502 | |b M.Ed.Eng. |c Jabatan Pendidikan Bahasa dan Literasi, Fakulti Pendidikan Universiti Malaya |d 2011. | ||
| 504 | |a Bibliography: leaves 82-87. | ||
| 650 | 0 | |a English language |x Tamil school |x Study and teaching. | |
| 710 | 2 | |a Universiti Malaya. |b Jabatan Pendidikan Bahasa dan Literasi, |e degree granting institution. | |
| 596 | |a 8 | ||
| 999 | |a LB7 A4 UM 2011 BER |w LC |c 1 |i A516810574 |d 24/9/2018 |f 24/9/2018 |g 1 |l STACKS |m P08PENDIDI |r Y |s Y |t TESIS |u 24/9/2018 |1 AHSS | ||
